Estrategias migratorias y poder: tú siempre jalas a los tuyos

Uloženo v:
Podrobná bibliografie
Médium: Text
Vydáno: Quito: ABYA YALA
Témata:
Tagy: Přidat tag
Žádné tagy, Buďte první, kdo vytvoří štítek k tomuto záznamu!

MARC

LEADER 00000 a a2200000 04500
001 34777
003
040
020 |a 9978-22-602-8  
090 |a 1001 P371e  
245 |a Estrategias migratorias y poder: tú siempre jalas a los tuyos  
260 |a Quito:   |b ABYA YALA  
300 |a 432 p.  
650 |a MIGRACION INTERNACIONAL  
650 |a MUJERES  
650 |a FAMILIA  
650 |a ESTRATEGIAS DE SOBREVIVENCIA  
650 |a SEXUALIDAD  
650 |a ECUADOR  
999 |c 8502  |d 8502